| 000 | 00513nam a2200169 i 4500 | ||
|---|---|---|---|
| 001 | 89667 | ||
| 003 | ES-MaACL | ||
| 005 | 20230906180237.0 | ||
| 007 | t| | ||
| 008 | 050112s1936 fr ||||1| spa d | ||
| 100 | 1 |
_aVillanova, Rafael Lasso de la Vega, _cMarqués de, _d1890-1959 _970477 |
|
| 245 | 1 | 0 |
_aPasaje de la poesia (1911-1927) / _cMarqués de Villanova. |
| 260 |
_aParís : _bEdiciones de la Boussole, _c1936. |
||
| 300 |
_a86 p. ; _c19 cm. |
||
| 852 |
_aES-MaACL _jA-4660 |
||
| 999 |
_c89667 _d89667 |
||